Como as nações prosperam : (Record no. 768)

MARC details
000 -LÍDER
Campo Fixo de Controle 00826nam a2200253 a 4500
001 - NÚMERO DE CONTROLE
Campo de Controle 768
003 - IDENTIFICAÇÃO DO NÚMERO DE CONTROLE
Campo de Controle BR-CuiBMT
005 - DATA E HORA DA ÚLTIMA ATUALIZAÇÃO
Campo de Controle 20231129143913.0
008 - DADOS FIXOS
Dados Fixos 231116s2022 mgb 000 0 por d
020 ## - INTERNATIONAL STANDARD BOOK NUMBER
Nº do ISBN 9786555183924
040 ## - AGÊNCIA CATALOGADORA
Código da Agência Catalogadora BR-CuiBMT
Agência que transcreveu o registro BR-CuiBMT
080 ## - Nº DA CLASSIFICAÇÃO DECIMAL UNIVERSAL
Nº Class. CDU 341.1:343.1
Nº edição CDU 2007
090 ## - NÚMERO DE CHAMADA
Nº classificação 341.1:343.1
Cutter H347c
100 1# - ENTRADA PRINCIPAL -- AUTOR PESSOAL
Nome pessoal Haselof, Fabíola Utzig
245 10 - TÍTULO PRINCIPAL
Título principal Como as nações prosperam :
Subtítulo cooperação internacional e as ações mais poderosas contra corrupção transnacional /
Indicação de responsabilidade Fabíola Utzig Haselof.
260 ## - PUBLICAÇÃO, DISTRIBUIÇÃO, ETC.
Local de publicação Belo Horizonte :
Editora Fórum,
Data 2022.
300 ## - DESCRIÇÃO FÍSICA
N. páginas ou volumes 389 p. ;
Dimensões 22 cm
504 ## - NOTA DE BIBLIOGRAFIA, ETC.
Nota de bibliografia Inclui bibliografia.
650 ## - ASSUNTO TÓPICO
Cabeçalho tópico ou nome geográfico Direito internacional público
650 ## - ASSUNTO TÓPICO
Cabeçalho tópico ou nome geográfico Direito comparado
650 ## - ASSUNTO TÓPICO
Cabeçalho tópico ou nome geográfico Direito processual penal
650 ## - ASSUNTO TÓPICO
Cabeçalho tópico ou nome geográfico Cooperação jurídica internacional
942 ## - ELEMENTOS DE ENTRADA ADICIONAIS (KOHA)
Fonte de classificação ou esquema de arquivamento Classificação Decimal Universal
Tipo de item do Koha Livros
Holdings
Estado: removido Estado: perdido Fonte de classificação ou esquema de arquivamento Estado: danificado Indisponível para empréstimo Localização permanente Localização atual Data de aquisição Total Checkouts Número de Chamada completo Código de barras Date last seen Número do exemplar Preço efetivo a partir de Tipo de item (Koha)
    Classificação Decimal Universal     Biblioteca da Escola Superior de Contas do TCE/MT Biblioteca da Escola Superior de Contas do TCE/MT 16/11/2023   341.1:343.1 H347c BIBTCEMT23110673 16/11/2023 Ex. 1 16/11/2023 Livros
    Classificação Decimal Universal     Biblioteca da Escola Superior de Contas do TCE/MT Biblioteca da Escola Superior de Contas do TCE/MT 22/11/2023   341.1:343.1 H347c BIBTCEMT23110847 22/11/2023 Ex. 2 22/11/2023 Livros
    Classificação Decimal Universal     Biblioteca da Escola Superior de Contas do TCE/MT Biblioteca da Escola Superior de Contas do TCE/MT 22/11/2023   341.1:343.1 H347c BIBTCEMT23110848 22/11/2023 Ex. 3 22/11/2023 Livros

Powered by Koha